Rev. Patr. Fr. Francisci Henno Theologia Dog. Moral et Scholast. in gratiam et Juvamen studiosa Juventutis Franciscana FF. Minor. Recollecttorum. tomus secundus, complectens tractatus de actibus humanis, eorumque regulis et principiis. (Record no. 8527)
[ view plain ]
| 000 -CABECERA | |
|---|---|
| campo de control de longitud fija | 00940nam a2200229 a 4500 |
| 001 - NÚMERO DE CONTROL | |
| campo de control | BRCA_8876 |
| 005 - FECHA Y HORA DE LA ÚLTIMA TRANSACCIÓN | |
| campo de control | 20190320210438.0 |
| 008 - DATOS DE LONGITUD FIJA--INFORMACIÓN GENERAL | |
| campo de control de longitud fija | 140617s1778----it-#######---#000-0#lat-# |
| 041 ## - CÓDIGO DE LENGUA | |
| Código de lengua del texto/banda sonora o título independiente | lat |
| 044 ## - CÓDIGO DEL PAÍS DE LA ENTIDAD EDITORA/PRODUCTORA | |
| Código MARC del país | it |
| 084 ## - OTRO NÚMERO DE CLASIFICACIÓN | |
| Número de clasificación | BE259 |
| Número de documento/Ítem | .H46 [1788] |
| 100 1# - ENTRADA PRINCIPAL--NOMBRE DE PERSONA | |
| Nombre de persona | Henno, Franz |
| 9 (RLIN) | 22095 |
| 245 10 - MENCIÓN DE TÍTULO | |
| Título | Rev. Patr. Fr. Francisci Henno Theologia Dog. Moral et Scholast. in gratiam et Juvamen studiosa Juventutis Franciscana FF. Minor. Recollecttorum. tomus secundus, complectens tractatus de actibus humanis, eorumque regulis et principiis. |
| 260 ## - PUBLICACIÓN, DISTRIBUCIÓN, ETC. | |
| Lugar de publicación, distribución, etc. | Venetiis |
| Nombre del editor, distribuidor, etc. | Sumpt. Haeredis Nicolai Pezzana |
| Fecha de publicación, distribución, etc. | [1788] |
| 300 ## - DESCRIPCIÓN FÍSICA | |
| Extensión | 595 p. (t.2) |
| Dimensiones | 16.7 x 10.7 cm |
| 500 ## - NOTA GENERAL | |
| Nota general | Superiorum permissu, ac Privilegio |
| 500 ## - NOTA GENERAL | |
| Nota general | Estado físico: presenta encuadernación en pergamino con cintas rotas y sin portada |
| 500 ## - NOTA GENERAL | |
| Nota general | Se anexa una copia impresa de la portada |
| 650 14 - PUNTO DE ACCESO ADICIONAL DE MATERIA--TÉRMINO DE MATERIA | |
| Término de materia o nombre geográfico como elemento de entrada | Teología |
| Subdivisión cronológica | Obras anteriores a 1800 |
| 9 (RLIN) | 22096 |
| 902 ## - CATALOGADOR | |
| Iniciales | CFM |
| 942 ## - ELEMENTOS DE PUNTO DE ACCESO ADICIONAL (KOHA) | |
| Fuente del sistema de clasificación o colocación | Library of Congress Classification |
| Tipo de ítem Koha | Libros |
| Estado de retiro | Estado de pérdida | Estado dañado | No para préstamo | Localización permanente | Ubicación/localización actual | Fecha de adquisición | Total de préstamos | Signatura topográfica completa | Código de barras | Fecha visto por última vez | Precio válido a partir de | Tipo de ítem Koha |
|---|---|---|---|---|---|---|---|---|---|---|---|---|
| El ejemplar forma parte de la colección y puede ser consultado según las políticas vigentes. | Biblioteca del Museo Franz Mayer (Rogerio Casas-Alatriste) | Biblioteca del Museo Franz Mayer (Rogerio Casas-Alatriste) | 14/06/2017 | BE259 .H46 [1788] | CFM00199 | 22/03/2019 | 22/03/2019 | Libros |